00173nam a22000737a 4500020001800000100001600018245004000034260002500074 a9780439801089 aAnne Capeci aThe Magic School Bus-Rides the Wind aNew YorkbScholastic